Which City In Russia? - Statistics

General Stats
  • This quiz has been taken 1,151 times
  • The average score is 11 of 20
Answer Stats
Description Letter City % Correct
Capital of Russia M Moscow
100%
Formerly called Leningrad S.P Saint Petersburg
97%
2014 Winter Olympics host city S Sochi
93%
Formerly called Stalingrad V Volgograd
87%
Eastern terminus of the Trans-Siberian railroad V Vladivostok
84%
Russian city wedged between Poland and Lithuania K Kaliningrad
81%
Largest city east of the Ural Mountains N Novosibirsk
69%
Railway is connected to the rest of Russia Y Yekaterinburg
69%
Often called 'Third capital of Russia' K Kazan
67%
Shares its name with a hairstyle P Perm
56%
City on the Eurasian border and home to a meteor C Chelyabinsk
54%
A major river port with the lowest birth rate city in Russia O Omsk
54%
Major economic and transportation hub on the Volga River S Samara
54%
Roman Abramovich and Mikhail Bulgakov born here S Saratov
31%
The birthplace of Alexander Kerensky U Ulyanovsk
30%
Headquarters of Lada are in this city T Tolyatti
29%
Football club were the Russian cup winners in 2004 G Grozny
24%
Smallest of the World Cup 2018 host cities S Saransk
16%
Big name in Russian ballet K Kirov
11%
City on the Oka river O Orel
7%
No matching quizzes found
Score Distribution
Percent of People with Each Score
Percentile by Number Answered
Your Score History
You have not taken this quiz